| 000 | 01429nam a22004337a 4500 | ||
|---|---|---|---|
| 999 |
_c29442 _d29413 |
||
| 003 | EG-ScBUE | ||
| 005 | 20210920101507.0 | ||
| 006 | m||||fq||b 00| 0 | ||
| 008 | 200219s2010 ohua f 001 0 eng d | ||
| 020 | _a9780324665512 | ||
| 020 | _a0324665512 | ||
| 020 | _a9780324665529 | ||
| 020 | _a0324665520 | ||
| 020 | _a9780324665536 (CD) | ||
| 020 | _a0324665539 (CD) | ||
| 020 | _a9780324780611 (CD) | ||
| 020 | _a0324780613 (CD) | ||
| 040 |
_aEG-ScBUE _beng _erda _cEG-ScBUE _dEG-ScBUE |
||
| 082 | 0 | 4 |
_a657.028553 _bOWE _222 |
| 100 | 1 |
_aOwen, Glenn, _d1953- _eAuthor. |
|
| 245 | 1 | 0 |
_aUsing Peachtree complete for accounting 2009 / _cGlenn Owen, Allan Hancock College, University of California at Santa Barbara. |
| 264 | 1 |
_aMason, OH : _bSouth-Western Canage Learning , _c[2010] |
|
| 264 | 4 | _cc2010 | |
| 300 |
_axix, 392 pages : _bIllustrations ; _c37 cm + _e2 CD |
||
| 336 |
_2rdacontent _atext _btxt |
||
| 336 |
_2rdacontent _acomputer program _bcop |
||
| 337 |
_2rdamedia _aunmediated _bn |
||
| 337 |
_2rdamedia _aother _bx |
||
| 338 |
_2rdacarrier _avolume _bnc |
||
| 338 |
_2rdacarrier _acomputer disc _bcd |
||
| 500 | _aIncludes index. | ||
| 500 | _aIncludes appendix. | ||
| 650 | 7 |
_aPeachtree complete accounting. _2BUEsh |
|
| 650 | 7 |
_aAccounting _xComputer programs. _2BUEsh |
|
| 653 | 7 |
_aBUEsh _cSeptember2021 _bCOMSCI |
|
| 655 |
_vReading book _934232 |
||
| 942 |
_2ddc _cBB |
||